| 000 | 00817nam a2200193 a 4500 | ||
|---|---|---|---|
| 001 | BRCA_1475 | ||
| 005 | 20190320203438.0 | ||
| 008 | 191105s1998----uk-a---###---#000-0#fre-d | ||
| 050 | 4 |
_aML482 _b.I58 1998 |
|
| 245 | 1 | 0 |
_aInvisible Musicians _cAutonamatia Musica Foundation. |
| 260 |
_aWissenbruch _bRenders _c1998 |
||
| 300 |
_a136 p. _bil. (algunas a color) _c30 cm. _einvitación a la exposición (28x21) |
||
| 500 | _aCatálogo de la exposición ´Músicos Invisibles´ realizada en el Museo Franz Mayer (Ciudad de México), 21 febrero - 18 mayo, 2003 | ||
| 500 | _aLa biblioteca cuenta con 2 ejemplares | ||
| 546 | _aTexto en : francés, inglés y español | ||
| 650 | 1 | 4 |
_aInstrumentos musicales _vExposiciones _xHistoria _94824 |
| 650 | 1 | 4 |
_aInstrumentos musicales _vExposiciones _xManufactura _94825 |
| 942 |
_2lcc _cB |
||
| 999 |
_c1337 _d1337 |
||